000 00724nam a2200229Ia 4500
001 16779
003 GE_BSU
008 181216s||||||||xx |||||||||||||| ||und||
040 _cGE_BSU
080 _a821.161.1-31
100 _aფედინი, კონსტანტინე
245 _aძმები
245 _bრომანი
245 _cთარგმნეს მ. კაკაბაძემ და ფ. ჯაფარიძემ. რ.ქორქია
260 _aთბილისი
260 _bსაბჭოთა საქართველო
260 _c1968
300 _a446გვ. ; 20სმ
653 _aრომანი
653 _aძმები
942 _cBK
999 _c49844
_d49844